Software Requirements /
Esta obra se centra en la importancia de la comunicación entre clientes y programadores cuando se desarrolla un nuevo paquete computacional. La intercomunicación debe ser clara, para que el proyecto y posterior producto satisfagan las necesidades tanto de quien solicitó el programa, como del usuario...
Salvato in:
| Autore principale: | |
|---|---|
| Natura: | Libro |
| Lingua: | inglese |
| Pubblicazione: |
Redmond, EUA :
Microsoft,
1999, c1999
|
| Serie: | (Best Practices)
|
| Soggetti: | |
| Tags: |
Nessun Tag, puoi essere il primo ad aggiungerne!!
|
MARC
| LEADER | 00000nam^a2200000^a^4500 | ||
|---|---|---|---|
| 001 | 000104705 | ||
| 005 | 20250521000000.0 | ||
| 009 | 20260310093432.491 | ||
| 020 | |a 0-7356-0631-5 | ||
| 037 | |a Acervo ITESO - Biblioteca | ||
| 041 | |a ING | ||
| 082 | |a 005. 12 |b WIE | ||
| 100 | |a Wiegers, Karl E. |e (autor) | ||
| 240 | 1 | 1 | |a [Software Requirements] |
| 245 | 1 | 0 | |a Software Requirements / |c K.E. Wiegers. |
| 264 | 4 | |a Redmond, EUA : |b Microsoft, |c 1999, c1999 | |
| 300 | |a 350 p. | ||
| 336 | |a texto |b txt |2 rdacontenido | ||
| 337 | |a sin mediación |b n |2 rdamedio | ||
| 338 | |a volumen |b nc |2 rdasoporte | ||
| 440 | 1 | |a (Best Practices) | |
| 520 | |a Esta obra se centra en la importancia de la comunicación entre clientes y programadores cuando se desarrolla un nuevo paquete computacional. La intercomunicación debe ser clara, para que el proyecto y posterior producto satisfagan las necesidades tanto de quien solicitó el programa, como del usuario que lo pone en práctica. | ||
| 649 | |a XX | ||
| 650 | |a Desarrollo de Productos Nuevos | ||
| 650 | |a Programación (Software) | ||
| 650 | |a Desarrollo de Sistemas | ||
| 650 | |a Sistemas Computacionales | ||
| 650 | |a Ingeniería de Software | ||
| 650 | |a Ingeniería Computacional | ||
| 910 | |a Fondo General | ||
| 920 | |a Impresos - Libros | ||
| 920 | |a Extraviados o Dañados - Formatos Varios | ||
| 930 | |a Colección General | ||
| 905 | |a 801 | ||
| 901 | |a 0500040680 |b IT1 |c ACC |u 20250521 | ||
| 901 | |a 0500062202 |b IT1 |c ACC |u 20250521 | ||
| 902 | |a https://opac.biblio.iteso.mx/vufind/Record/000104705 | ||